Ottoman Women (Record no. 19425)
[ view plain ]
| 000 -LEADER | |
|---|---|
| fixed length control field | 00593nam a2200241 a 4500 |
| 020 ## - INTERNATIONAL STANDARD BOOK NUMBER | |
| ISBN | 9781597841153 |
| 082 00 - DEWEY DECIMAL CLASSIFICATION NUMBER | |
| Classification number | 305.420936 |
| Author Cutter | SAN |
| 100 ## - MAIN ENTRY--AUTHOR NAME | |
| Author name | Sancar, Asli |
| 245 ## - TITLE STATEMENT | |
| Title | Ottoman Women |
| Sub title | Myth and Reality |
| 260 ## - PUBLICATION, DISTRIBUTION, ETC. (IMPRINT) | |
| Place of publication | NJ, USA |
| Name of publisher | Light |
| Year of publication | 2009 |
| 300 ## - PHYSICAL DESCRIPTION | |
| Number of Pages | 189p |
| 500 ## - GENERAL NOTE | |
| General note | includes index and biblioraphy |
| 505 2# - FORMATTED CONTENTS NOTE | |
| Formatted contents note | Bibliography, Index |
| 650 ## - SUBJECT ADDED ENTRY--TOPICAL TERM | |
| Topical Term | Women-Turkey |
| 942 ## - ADDED ENTRY ELEMENTS (KOHA) | |
| Koha item type | Books |
| 700 1# - | |
| -- | Sancar, Asli |
| Collection code | Home library | Current library | Date acquired | Cost, normal purchase price | Full call number | Accession Number | Koha item type |
|---|---|---|---|---|---|---|---|
| Henry Martyn Institute Library | Henry Martyn Institute Library | 04/20/2011 | 350.00 | 305.420936 SAN | 11002324 | Books |
